000 00229nam a2200097Ia 4500
001 715229
005 20250826162920.0
008 250824s9999 xx 000 0 und d
245 0 _aMURTAZA
_cORHAN KEMAL
260 _bEVEREST YAYINLARI
999 _c715229
_d715229